| 000 | 01200nam a2200337Ia 4500 | ||
|---|---|---|---|
| 005 | 20220317001436.0 | ||
| 008 | 161108s2007 ck a g 000 f s | ||
| 020 | _a9789585939325 | ||
| 100 | 1 |
_aPescetti, Luis María _d1958- |
|
| 245 | 1 | 0 |
_aFrin _cLuis María Pescetti ; ilustrado por O` Kif |
| 250 | _aPrimera edición | ||
| 300 |
_a202 páginas _bilustraciones en blanco y negro _c20 cm |
||
| 521 | _aRecomendado a partir de 12 años | ||
| 650 | 1 | 4 |
_2LEMB _aNovela juvenil argentina _ySiglo XX |
| 650 | 1 | 4 |
_2LEMB _aLiteratura juvenil argentina _ySiglo XX |
| 650 | 1 | 4 |
_2LEMB _aTimidez en la literatura |
| 650 | 1 | 4 |
_2LEMB _aAmistad en la literatura |
| 650 | 1 | 4 |
_2LEMB _aAmor en la literatura |
| 650 | 1 | 4 |
_2LEMB _aAdolescentes en la literatura |
| 650 | 1 | 4 |
_2LEMB _aAventuras en la literatura |
| 650 | 1 | 4 |
_2LEMB _aVacaciones en la literatura |
| 650 | 1 | 4 |
_2LEMB _aViajes en la literatura |
| 700 | 1 |
_aO'Kif, Alejandro _d1959- _eilustrador _9100159 |
|
| 942 |
_2loc _cBKLIT |
||
| 264 |
_aBogotá _bLoqueleo _c2007 |
||
| 336 |
_atexto _btxt _2rdacontent |
||
| 337 |
_asin mediación _bn _2rdamedia |
||
| 338 |
_avolumen _bnc _2rdacarrier |
||
| 040 |
_aCO-BoRNBP _bspa _erda _cCO-BoRNBP |
||
| 084 | _aN PES3 | ||
| 999 |
_c6995 _d6995 |
||